Hesse Top 20 Cities by population - Statistics

General Stats
  • This quiz has been taken 59 times
    56 since last reset
  • The average score is 12 of 20
Answer Stats
Population City % Correct
667,925 Frankfurt am Main
100%
74,776 Gießen
100%
190,765 Kassel
100%
269,121 Wiesbaden
100%
143,499 Darmstadt
96%
64,414 Fulda
96%
71,683 Marburg
96%
113,443 Offenbach am Main
91%
86,803 Hanau
83%
58,765 Rüsselsheim
70%
50,826 Wetzlar
61%
51,370 Bad Homburg von der Höhe
43%
34,708 Neu-Isenburg
30%
34,939 Langen
26%
39,389 Dreieich
22%
39,253 Bensheim
17%
44,088 Oberursel
17%
42,919 Rodgau
17%
37,842 Hofheim am Taunus
13%
35,805 Maintal
13%
No matching quizzes found
Score Distribution
Percent of People with Each Score
Percentile by Number Answered
Your Score History
You have not taken this quiz since the last reset